Resumen de las lecciones de Aritmética aplicadas a las diferentes cuestiones mercantiles

Gespeichert in:
Bibliographische Detailangaben
1. Verfasser: Dalmáu Carles, J. Autor
Format: keine Angabe
Sprache:Spanisch
Erschienen: Gerona Dalmáu Carles, Pla 1932
Ausgabe:107º
Katalog:MANES:  Suchergebnis im Bibliothekskatalog
Schulbuchspezifische Eigenschaften:
Tags: Tag hinzufügen
Keine Tags, Fügen Sie den ersten Tag hinzu!
Hinzugefügt zu:26.04.2016

MARC

LEADER 000000000a22000000004500
001 16470
003 OSt
008 160427s sp ||||| |||| 00| 0 spa d
041 1 |a spa 
040 |c centro_manes 
691 7 |a PRI 
100 1 |a Dalmáu Carles, J.  |b Autor  |9 11650 
245 0 0 |a Resumen de las lecciones de Aritmética aplicadas a las diferentes cuestiones mercantiles 
250 |a 107º 
260 3 |a Gerona  |b Dalmáu Carles, Pla  |c 1932 
300 |a 191p  |c 19 * 12 cm 
500 |a ILUSTRACIONES: Contiene figuras geométricas. ENCUADERNACIÓN: Cartoné. DESCRIPCIÓN CONTENIDO: Resumen de las lecciones de aritmética. PALABRAS CLAVE: Libro de texto, Aritmética. NéMERO EJEMPLARES: 1. Nº TOPOGRÁFICO: 940. CONSERVACIÓN: Buena. 
690 7 |a ETP 
690 0 |a MATE 
942 |2 ddc  |c BK 
546 |a España 
999 |c 22439  |d 22439 
999 |c manes:22439  |d 22439